<?xml version="1.0" encoding="UTF-8"?>
<record
    xmlns:xsi="http://www.w3.org/2001/XMLSchema-instance"
    xsi:schemaLocation="http://www.loc.gov/MARC21/slim http://www.loc.gov/standards/marcxml/schema/MARC21slim.xsd"
    xmlns="http://www.loc.gov/MARC21/slim">

  <leader>01720    a2200217   4500</leader>
  <controlfield tag="001">22301</controlfield>
  <controlfield tag="005">20260407155512.0</controlfield>
  <controlfield tag="008">260407a1973    arg                 spa d</controlfield>
  <controlfield tag="003">AR-UNSa-BCEJYS</controlfield>
  <datafield tag="040" ind1=" " ind2=" ">
    <subfield code="a">AR-UNSa-BCEJYS</subfield>
    <subfield code="b">spa</subfield>
    <subfield code="c">AR-UNSa-BCEJYS</subfield>
  </datafield>
  <datafield tag="080" ind1=" " ind2=" ">
    <subfield code="a">342.9</subfield>
    <subfield code="x">Derecho Administrativo</subfield>
  </datafield>
  <datafield tag="245" ind1="1" ind2="0">
    <subfield code="a">Tratado de derecho administrativo</subfield>
  </datafield>
  <datafield tag="250" ind1=" " ind2=" ">
    <subfield code="a">2a</subfield>
  </datafield>
  <datafield tag="264" ind1=" " ind2="1">
    <subfield code="a">Buenos Aires :</subfield>
    <subfield code="b">Abeledo Perrot</subfield>
    <subfield code="c">1973</subfield>
  </datafield>
  <datafield tag="300" ind1=" " ind2=" ">
    <subfield code="a">848 p.</subfield>
    <subfield code="c">23 cm.</subfield>
  </datafield>
  <datafield tag="505" ind1=" " ind2=" ">
    <subfield code="a">Titulo VIII : 1. Limitaciones a la propiedad privada en inter&#xE9;s p&#xFA;blico - 2. Restricciones administrativas - 3. Servidumbre administrativas - 4. Expropiaci&#xF3;n por utilidad p&#xFA;blica - 5. Ocupaci&#xF3;n Temporanea -  6. Requisici&#xF3;n - 7. Decomiso - 8. Confiscaci&#xF3;n - 9. Secuestro - Titulo IX : 1. Policia, poder de la policia - 2. Jurisdicci&#xF3;n nacional y provincial respecto al poder de la policia: su deslinde - 3. La contravenci&#xF3;n - 4.La pena contravencional - 5. Clasificaci&#xF3;n de la policia - 6. Algunos supuestos particulares de ejercicio del poder de policia - 7. Limitaciones a la policia y a poder policia - 8. El poder de policia y la responsabilidad del estado - 9. De las contiendas en materia de policia - Titulo X: 1. Principios fundamentales - 2. Responsabilidad del estado por hechos o actos de la administraci&#xF3;n p&#xFA;blica - 3. Responsabilidad del estado por sus actos legislativos - 4. Responsabilidad del estado por sus actos judiciales - 5. Supuestos particulares de responsabilidad del estado - 6. La responsabilidad extracontractural del estado en legislaciones extranjeras - 7. De las contiendas sobre responsabilidad del estado.</subfield>
  </datafield>
  <datafield tag="041" ind1=" " ind2=" ">
    <subfield code="a">spa</subfield>
  </datafield>
  <datafield tag="942" ind1=" " ind2=" ">
    <subfield code="c">BK</subfield>
  </datafield>
  <datafield tag="590" ind1=" " ind2=" ">
    <subfield code="a">niveau_biblio:m niveau_hierar:0</subfield>
  </datafield>
  <datafield tag="100" ind1="1" ind2=" ">
    <subfield code="a">Marienhoff, Miguel S.</subfield>
  </datafield>
  <datafield tag="999" ind1=" " ind2=" ">
    <subfield code="c">956</subfield>
    <subfield code="d">956</subfield>
  </datafield>
  <datafield tag="952" ind1=" " ind2=" ">
    <subfield code="0">0</subfield>
    <subfield code="1">0</subfield>
    <subfield code="4">0</subfield>
    <subfield code="7">0</subfield>
    <subfield code="a">BCEJYS</subfield>
    <subfield code="b">BCEJYS</subfield>
    <subfield code="c">16</subfield>
    <subfield code="d">2026-04-07</subfield>
    <subfield code="l">0</subfield>
    <subfield code="o">342.9 M334 v.4</subfield>
    <subfield code="p">L25347</subfield>
    <subfield code="r">2026-04-07 15:55:12</subfield>
    <subfield code="w">2026-04-07</subfield>
    <subfield code="y">L</subfield>
  </datafield>
</record>
